• 首页
  • 本馆介绍
  • 公告通知
  • 最新文献
  • 馆藏检索
  • 电子资源
  • 读者导购
  • 参考咨询
  • 我的图书馆
  • 登录
  • 详细信息显示
  • 放入我的书架
  • 预约/预借图书
  • 作者相关作品
  • 分类相关作品
  • 丛书相关作品
  • 出版社相关作品

书目信息

  • 表格格式
  • 工作单格式
  • 卡片格式
题名:
英语专业基础英语考研真题详解
    
 
作者: ;圣才考研网 主编
分册:  
出版信息: 北京   中国石化出版社  2011
页数: 308页
开本: 26cm
丛书名:
单 册:
中图分类: H319.6 , H31
科图分类:
主题词: 英语 , 英语--研究生--入学考试--题解 , 英语
电子资源:
ISBN: 978-7-5114-0780-1
000 00934nam0 2200301 450
001 1333047442
005 20130702091201.82
010    @a978-7-5114-0780-1@dCNY40.00
090    @aH319.6@bsck
096    @aH319.6@bsck
100    @a20110516d2011 em y0chiy50 ea
101 0  @achi@aeng
102    @aCN@b110000
105    @ay zq 000yy
106    @ar
200 1  @a英语专业基础英语考研真题详解@Aying yu zhuan ye ji chu ying yu kao yan zhen ti xiang jie@b专著@f圣才考研网主编
205    @a5版
210    @a北京@c中国石化出版社@d2011
215    @a308页@d26cm
330    @a本书包括两部分,即全国院校英语专业基础英语考研真题分析和名校英语专业基础英语考研真题详解。
606 0  @a英语
606 0  @a英语@x研究生@x入学考试@j题解
606 0  @a英语
690    @aH319.6@v4
690    @aH31@v4
711 02 @a圣才考研网@Asheng cai kao yan wang@4主编
801  0 @aCN@bZL@c20110426
905    @aZUCC@dH31@e1434=5
    
    英语专业基础英语考研真题详解/圣才考研网主编 .-5版 .-北京:中国石化出版社,2011
    308页;26cm
    
    
    ISBN 978-7-5114-0780-1:CNY40.00
    本书包括两部分,即全国院校英语专业基础英语考研真题分析和名校英语专业基础英语考研真题详解。
●
相关链接 在E读中查询图书 在五车中查询图书 在当当中查询图书 在豆瓣中查询图书


正题名:英语专业基础英语考研真题详解     索取号:H31/1434=5         预约/预借

序号 登录号 条形码 馆藏地/架位号 状态 备注
1 0625699   206256996   第二样本阅览室/ [索取号:H31/1434=5] 在馆    
2 0625700   206257003   第四借阅区/ [索取号:H31/1434=5] 在馆    
欢迎您!
大连网信软件有限公司© 版权所有